00439nam a2200109Ia 4500008004100000050002400041100001900065245010900084260008600193300002800279521002200307140724s9999 xx 000 0 und d aLC 4717b.R894 2013 aRubas, Rica M. aUtilizing art activities for social deficits of children with autism spectrum disorder /cRica M. Rubas. aLas Piñas, Philippines :bSouthville International School and Colleges,cc2013. a76 p. :bill. ;c28 cm. aSpecial Education